Sports Quiz

Random Sports or World Quiz

World's Richest Football Clubs Quiz Stats

 Plays Quiz Updated Sep 16, 2016

Challenge
Share
Tweet
Embed
Score 0/20 Timer 06:00
1 Play Today
Revenue Club % Correct
€520mManchester United
97.9%
€577mReal Madrid
94.3%
€561mFC Barcelona
93.6%
€420mChelsea
93.6%
€436mArsenal
89.9%
€392mLiverpool
89.3%
€199mAC Milan
86.7%
€481mParis Saint-Germain
84.4%
€464mManchester City
81.4%
€165mInternazionale
79.3%
Revenue Club % Correct
€474mBayern München
76.6%
€324mJuventus
69.7%
€258mTottenham Hotspur
65.5%
€165mEverton
65.5%
€180mAS Roma
60.7%
€161mWest Ham United
41.8%
€169mNewcastle United
40.2%
€220mSchalke 04
22.3%
€281mBorussia Dortmund
16.9%
€187mAtlético de Madrid
15.1%

You're not logged in!

Compare scores with friends on all Sporcle quizzes.
Join for Free
OR
Log In

You Might Also Like...

Show Comments

Extras

Top Quizzes Today


Score Distribution

Your Account Isn't Verified!

In order to create a playlist on Sporcle, you need to verify the email address you used during registration. Go to your Sporcle Settings to finish the process.

Report this User

Report this user for behavior that violates our Community Guidelines.

Details: